| 000 | 00531pab a2200181 454500 | ||
|---|---|---|---|
| 008 | 180718b2012 xxu||||| |||| 00| 0 eng d | ||
| 100 | _aPaul, Pankaj Kumar | ||
| 245 | _aImpact of micro-credit on women's empowerment: Evidence from rural West Bengal | ||
| 260 | _c2012 | ||
| 300 | _ap.63-83. | ||
| 362 | _aJan-Mar | ||
| 650 | _aWomen - India - West Bengal | ||
| 650 | _aCredit - India - West Bengal | ||
| 650 | _aCredit | ||
| 773 | _aIASSI Quarterly - Contribution to Indian Social Science | ||
| 908 | _aN | ||
| 909 | _a98687 | ||
| 999 |
_c98686 _d98686 |
||